000 004680000a22001690004500
003 MACL
005 20151227131728.0
008 151227b xxu||||| |||| 00| 0 eng d
040 _aMACL
_cmacl
041 _aEnglish
082 _a025.43/BEE
100 _aBeetle, Clara
_923181
245 _aA L A Cataloging Rules for Author and Title Entries
260 _bAmerican Library Association
_c1949
_aChiago
650 _aLibrary Science
_957
942 _cBK
_k025.43/BEE
_2ddc
999 _c36589
_d36589